La réponse est (presque) une ville - Statistiques

Statistiques générales
  • Ce quiz a été pris 678 fois
  • Le résultat moyen est 11 sur 20
Statistiques - réponses
Pays Indice Ville % Correct
Qatar Majeur, index, auriculaire Doha
87%
Sierra Leone Quand c'est joli, c'est... Bo
86%
Maroc L'être humain en a deux dans son postérieur Fès
86%
Inde Infraction de gravité intermédiaire Delhi
81%
Émirats Arabes Unis Prénom de Delon, Chamfort et Barrière Al-Ain
80%
Inde On fait le fier quand on le fait avec le torse Bombay
80%
États-Unis Pays dont la capitale est Tirana Albany
78%
Chine "… arrive en ville" par Daniel Balavoine dans Starmania Canton
70%
Azerbaidjan Lorsque ce n'est pas cher, c'est à... Bakou
66%
Australie Prénom du 1er acteur noir à remporter l'Oscar du meilleur acteur Sydney
66%
Sri Lanka Lieutenant de police interprété notamment par Peter Falk Colombo
61%
Australie Peuple iranien Perth
56%
Pérou Empereur mégalo chez Disney Cuzco
54%
Allemagne Tuer en anglais Kiel
49%
Italie Le chat miaule, le chien aboie, ce que fait l'éléphant Bari
46%
France Nom de famille de ce dernier Poitiers
23%
Argentine Orifice du rectum Lanús
18%
Belgique Contraire de non Huy
16%
Sénégal Murmurer c'est parler... Touba
16%
Arabie Saoudite Groupe suédois qui a gagné l'Eurovision Abha
14%
Aucun quiz correspondant
Distribution des résultats
% des personnes avec chaque résultat
Percentile par nombre de réponses
Votre historique - résultats
Vous n’avez pas pris ce quiz